Welche Werbung gab es nicht auf diesen Trikots? - Statistiken

Allgemein
  • Dieses Quiz wurde 185 mal gespielt
    164 seit der letzten Aktualisierung
  • Das Durchschnittsergebnis liegt bei 8 aus 15
Antwortstatistiken
Frage Antwort % Korrekt
Welche dieser Trikot Sponsoren gab es nicht bei Barcelona? Nestle
87%
Welche dieser Trikot Sponsoren gab es nicht bei Bayern München? SAP
87%
Welche dieser Trikot Sponsoren gab es nicht bei Eintracht Frankfurt? Opel
74%
Welche dieser Trikot Sponsoren gab es nicht bei Borussia Mönchengladbach? Air Berlin
70%
Welche dieser Trikot Sponsoren gab es nicht bei Manchester United? Glencore
68%
Welche dieser Trikot Sponsoren gab es nicht bei Newcastle United? Shell.
47%
Welche dieser Trikot Sponsoren gab es nicht bei Waldhof Mannheim? ING
45%
Welche dieser Trikot Sponsoren gab es nicht bei AC Mailand? De Cecco
43%
Welche dieser Trikot Sponsoren gab es nicht bei Manchester City? Rio Tinto
43%
Welche dieser Trikot Sponsoren gab es nicht bei Juventus Turin? Barilla
36%
Welche dieser Trikot Sponsoren gab es nicht bei Paris Saint German? Vinci
36%
Welche dieser Trikot Sponsoren gab es nicht bei Chelsea? Glaxo Smith Kline
34%
Welche dieser Trikot Sponsoren gab es nicht bei Inter Mailand? Missoni
34%
Welche dieser Trikot Sponsoren gab es nicht bei Liverpool? Lyondell Basell
32%
Welche dieser Trikot Sponsoren gab es nicht bei Real Madrid? Santander
30%
Keine übereinstimmenden Quizze gefunden
Verteilung der Resultate
Anzahl Personen mit jedem Resultat
Perzentil nach korrekt beantworteten Fragen
Ihre Resultats-Entwicklung
Sie haben dieses Quiz seit der letzten Aktualisierung nicht gespielt